000 00714nam a22001217a 4500
040 _cRUA
082 _aLMA OL 2024 B701 Or.1
100 _aOL VANNY, អុល វណ្ណនី
245 _aStudy On The Process Of Producing Cadastral Map In Ang Metrey Village, Roleang Kreul Commune, Samrong District, Kampong Speu Province,សិក្សាអំពីដំណើរការនៃការផលិតផែនទីសុរិយោដី ស្ថិតនៅភូមិអង្គមេត្រី ឃុំរលាំងគ្រើល ស្រុកសំរោងទង ខេត្តកំពង់ស្ពឺ
260 _aPHNOM PENH
_bRUA
_c2024
300 _ax,
_bill,
_c29cm,
942 _cLMA
999 _c25337
_d25337